Herr der Ringe Trivia #2 - Statistiken

Allgemein
  • Dieses Quiz wurde 650 mal gespielt
  • Das Durchschnittsergebnis liegt bei 18 aus 25
Antwortstatistiken
Hint Antwort % Korrekt
Nach seiner Verwandlung hat Gandalf nicht mehr den Beinamen der "Graue" sondern? Der Weiße
100%
Welches Tier ist auf dem Wappen Rohans zu sehen? Pferd
96%
Mit wie vielen Pfeilen wurde Boromir niedergestreckt? 3
94%
Wer wird auf der Wetterspitze verwundet? Frodo
94%
Wie heißt der Autor der Romanvorlage J.R.R. Tolkien
89%
Wer trug als einziger der Gefährten ein Schild? Boromir
88%
Wer sagte "ich könnte es dir beschreiben oder soll ich dir eine Kiste besorgen"? Legolas
87%
In welchem Land wurden die "Herr der Ringe" Filme hauptsächlich gedreht? Neuseeland
87%
Wer enzündet die Leuchtfeuer von Minas Tirith? Pippin
86%
Wer sagt zu Frodo "Ich wäre bis zum Ende mit dir gegangen, bis in die Feuer Mordors hinein"? Aragorn
85%
Wie wird Aragorn in Bree genannt? Streicher
85%
Wer gibt Frodo das Mithril-Hemd Bilbo
84%
Wie heißt das Schwert welches Frodo von Bilbo bekommt? Stich
80%
Den wievielten Geburtstag feiert Bilbo in "Die Gefährten" 111
77%
Wessen Grabstätte betreten die Gefährten als sie durch die Minen Morias wandern? Balin
71%
Wie heißt der oberste der Ringgeister? Hexenkönig von Angmar
71%
Wo sollen sich die Hobbits mit Gandalf in Bree treffen? Gasthaus zum tänzelnden Pony
66%
Und an welchem Ort ist sein Sitz? Minas Morgul
62%
Wie lautet der Name der Hauptstadt von Rohan? Edoras
51%
"Ein Ring sie zu knechten, sie alle zu finden…? … ins Dunkel zu treiben und ewig zu binden"
50%
Wie heißt der Elben Hauptmann, welcher dem Volk Rohans bei Helms Klamm zu Hilfe eilt? Haldir
46%
In welchem Zeitalter spielen die Herr der Ringe Filme Im dritten Zeitalter
37%
Wie heißt das Schwert Narsil, nachdem es neu geschmiedet wurde? Anduril
35%
Wie nennt man das Volk das Frodo, Sam und Gollum am schwarzen Tor erblicken? Ostlinge
29%
Wie heißt die Taverne im Auenland, in die Frodo und seine Freunde regelmäßig gehen? Zum Grünen Drachen
24%
Keine übereinstimmenden Quizze gefunden
Verteilung der Resultate
Anzahl Personen mit jedem Resultat
Perzentil nach korrekt beantworteten Fragen
Ihre Resultats-Entwicklung
Sie haben dieses Quiz noch nicht gespielt